University Home | Library Home | Institutional Repository

Antibiotics and chemotherapeutic agents in clinical and laboratory practice. (Record no. 45045)

MARC details
000 -LEADER
fixed length control field 00820cam9a220026500 4500
001 - CONTROL NUMBER
control field qce00864296
005 - DATE AND TIME OF LATEST TRANSACTION
control field 20190813181016.0
008 - FIXED-LENGTH DATA ELEMENTS--GENERAL INFORMATION
fixed length control field 731211s1966 ilua b 001 0 eng
010 ## - LIBRARY OF CONGRESS CONTROL NUMBER
LC control number 65024072
035 ## - SYSTEM CONTROL NUMBER
System control number (Sirsi) r68314
035 ## - SYSTEM CONTROL NUMBER
System control number (QCAT)lss00504178
035 ## - SYSTEM CONTROL NUMBER
System control number (UPRA)qce00864296
040 ## - CATALOGING SOURCE
Modifying agency UPRA
050 0# - LIBRARY OF CONGRESS CALL NUMBER
Classification number RM267
Item number .L58
082 ## - DEWEY DECIMAL CLASSIFICATION NUMBER
Classification number 615.329
100 1# - MAIN ENTRY--PERSONAL NAME
Personal name Lorian, Victor.
Linkage A29351.1
245 10 - TITLE STATEMENT
Title Antibiotics and chemotherapeutic agents in clinical and laboratory practice.
260 ## - PUBLICATION, DISTRIBUTION, ETC.
Place of publication, distribution, etc. Springfield, IL :
Name of publisher, distributor, etc. C.C. Thomas,
Date of publication, distribution, etc. [1966]
504 ## - BIBLIOGRAPHY, ETC. NOTE
Bibliography, etc. note Bibliography at end of each chapter.
650 #0 - SUBJECT ADDED ENTRY--TOPICAL TERM
Topical term or geographic name entry element Antibiotics.
Linkage S11009.1
650 #0 - SUBJECT ADDED ENTRY--TOPICAL TERM
Topical term or geographic name entry element Chemotherapy.
Linkage S11437.1
949 ## - LOCAL PROCESSING INFORMATION (OCLC)
a RM267
w LC
i -91650
m MEDICAL
t BOOK
l ON-SHELF
949 ## - LOCAL PROCESSING INFORMATION (OCLC)
a RM267
w LC
i -91651
m MEDICAL
t BOOK
l ON-SHELF
Holdings
Withdrawn status Lost status Source of classification or shelving scheme Damaged status Not for loan Home library Current library Shelving location Total Checkouts Full call number Barcode Date last seen Copy number Price effective from Koha item type
    Library of Congress Classification     Medical Library Medical Library On Shelf   RM267 -91650 08/13/2019 1 08/13/2019 Book
    Library of Congress Classification     Medical Library Medical Library On Shelf   RM267 -91651 08/13/2019 2 08/13/2019 Book
© 2026 - The University of Zambia Library - Koha v25.11